• 首页
  • 本馆介绍
  • 公告通知
  • 最新文献
  • 馆藏检索
  • 电子资源
  • 读者导购
  • 参考咨询
  • 我的图书馆
  • 登录
  • 详细信息显示
  • 放入我的书架
  • 预约/预借图书
  • 作者相关作品
  • 分类相关作品
  • 丛书相关作品
  • 出版社相关作品

书目信息

  • 表格格式
  • 工作单格式
  • 卡片格式
题名:
政工专业基本知识
    
 
作者: 张蔚萍 主编
分册:  
出版信息: 天津   天津人民出版社  1998
页数: 251页
开本: 20cm
丛书名:
单 册:
中图分类: D64
科图分类: 38.13
主题词: 政治工作--中国--教材
电子资源:
ISBN: 7-201-03046-9
000 00646nam0 2200229 45
001 0198030682
005 20070619163131.93
010    @a7-201-03046-9@z7-210-03046-9@dCNY12.80
100    @a19980604d1998 em y0chiy0121 ea
101 0  @achi
102    @aCN@b120000
105    @ay z 000yy
200 10 @a政工专业基本知识@Azheng gong zhuan ye ji ben zhi shi@f张蔚萍主编
210    @a天津@c天津人民出版社@d1998
215    @a251页@d20cm
300    @a政工专业培训教材
606    @a政治工作@y中国@x教材
690    @aD64@v3
692    @a38.13@v2
701  0 @a张蔚萍@Azhang wei ping@4主编
801  0 @aCN@bTSSF@c20070619
905    @a10447@dD64@e116
    
    政工专业基本知识/张蔚萍主编.-天津:天津人民出版社,1998
    251页;20cm
    政工专业培训教材
    
    ISBN 7-201-03046-9:CNY12.80
    
●
相关链接 在E读中查询图书 在五车中查询图书 在当当中查询图书 在豆瓣中查询图书


正题名:政工专业基本知识     索取号:D64/116         预约/预借

序号 登录号 条形码 馆藏地/架位号 状态 备注
1 0654938   206549387   第一样本阅览室/ [索取号:D64/116] 在馆    
唐山师范学院图书馆 欢迎您!
大连网信软件有限公司© 版权所有